000 00527nam a2200193 u 4500
005 20210223131955.0
008 121204s2004 es r 000 0 spa d
020 _a8497861175
035 _aUPN01000189029
049 _aI
050 4 _aTX792
_bC3.7
245 0 4 _aLos caramelos y los chicles /
_cil. Juan José Aguilar.
260 _aMadrid :
_bEdimat Libros,
_c2004.
300 _a24 p. :
_bil. col.
440 0 _aCómo se hace.
_pDesde 5 años
650 4 _aCONFITERIA
_911586
905 _aInfantil
999 _c161132
_d161132